000 00318 a2200085 4500
020 _a 9811904146
100 _aPradipta Banerji (Editor), Arnab Jana (Editor)
245 _aAdvances in Urban Design and Engineering: Perspectives from India (Design Science and Innovation)
260 _bSpringer Verlag, Singapore; 1st ed.
_c2023
999 _c13179
_d13179